[Event "C.to Italiano U12"]
[Site "San Nicola Arcella ITA"]
[Date "2004.07.06"]
[Round "4"]
[White "Puleo, Diego"]
[Black "Valsecchi, Alessio"]
[Result "0-1"]
[WhiteElo "1440"]
[BlackElo "1739"]
[PlyCount "138"]
[EventDate "2004.07.04"]

1. e4 d6 2. d4 Nf6 3. Nc3 g6 4. Be3 Bg7 5. Be2 O-O 6. Nf3 Nbd7 7. O-O c6 8. Qc1
b5 9. a3 Re8 10. Qd2 a6 11. Rfd1 Bb7 12. Rab1 c5 13. d5 b4 14. axb4 cxb4 15.
Na2 b3 16. cxb3 Nxe4 17. Qb4 Nec5 18. Bc4 Rb8 19. Qd2 Qc7 20. Rdc1 a5 21. Bb5
Rec8 22. b4 axb4 23. Nxb4 Qd8 24. Bxd7 Qxd7 25. Nc6 Bxc6 26. dxc6 Qf5 27. Bxc5
dxc5 28. Qd7 Qxd7 29. cxd7 Rd8 30. Rxc5 Rxd7 31. Ne5 Rdb7 32. Nc6 Ra8 33. Ra5
Rxa5 34. Nxa5 Rxb2 35. Rxb2 Bxb2 36. Nc6 Bf6 37. Nb8 Bd4 38. Kf1 Kf8 39. h3 Ke8
40. f3 Be5 41. Nc6 Bd6 42. Ke2 Kd7 43. Nd4 e5 44. Nb5 Bb4 45. Kd3 Kc6 46. Kc4
Be1 47. Na7+ Kd7 48. Kd5 Bg3 49. Nc6 f6 50. Nb8+ Ke7 51. Nc6+ Kf7 52. Nd8+ Kg7
53. Ne6+ Kh6 54. Nf8 f5 55. Ke6 e4 56. fxe4 fxe4 57. Nd7 e3 58. Nc5 e2 59. Nd3
Kg5 60. Kd5 Kh4 61. Ke6 e1=Q+ 62. Nxe1 Bxe1 63. Kf6 Bc3+ 64. Ke6 g5 65. Kf5 Bd2
66. Kf6 Kg3 67. Kg7 h5 68. Kh6 h4 69. Kh5 Bc1 0-1

[Event "C.to Italiano U12"]
[Site "San Nicola Arcella ITA"]
[Date "2004.07.07"]
[Round "5"]
[White "Cirelli, Ivan"]
[Black "Molza, Giuseppe"]
[Result "0-1"]
[WhiteElo "1679"]
[BlackElo "1700"]
[PlyCount "158"]
[EventDate "2004.07.04"]

1. e4 e5 2. Nf3 Nc6 3. Bc4 Nf6 4. d3 h6 5. Nc3 Bc5 6. O-O d6 7. h3 O-O 8. Bd2
Qe7 9. Qe2 Re8 10. Rfe1 a6 11. a3 b5 12. Bd5 Bb7 13. Be3 Bxe3 14. fxe3 Nxd5 15.
exd5 Nd8 16. e4 c6 17. dxc6 Bxc6 18. Qe3 Qa7 19. Qxa7 Rxa7 20. Red1 Rae7 21.
Re1 g5 22. Re2 Kg7 23. Rae1 Ne6 24. Rd2 Kg6 25. g4 Nf4 26. Kh2 h5 27. Rg1 Rh8
28. Ne2 Nxe2 29. Rxe2 Bd7 30. Kg2 hxg4 31. hxg4 Bxg4 32. Kf2 Bxf3 33. Kxf3 f5
34. exf5+ Kxf5 35. d4 e4+ 36. Ke3 g4 37. Rf2+ Kg5 38. Rfg2 Rh4 39. b3 d5 40.
Rg3 Reh7 41. c4 bxc4 42. bxc4 dxc4 43. Kxe4 Rc7 44. Rc3 g3+ 45. Kd5 Rd7+ 46.
Kxc4 Rc7+ 47. Kd3 Rxc3+ 48. Kxc3 Kf4 49. d5 Kf3 50. d6 Rh7 51. Kc4 Kf2 52. Rxg3
Kxg3 53. Kc5 Kf4 54. Kc6 Ke4 55. d7 Rh8 56. Kc7 Kd4 57. d8=Q+ Rxd8 58. Kxd8 Kc4
59. Kc7 a5 60. Kb6 a4 61. Ka5 Kb3 62. Kb5 Kxa3 63. Kc4 Kb2 64. Kd4 a3 65. Ke5
a2 66. Ke4 a1=Q 67. Kd5 Qa4 68. Ke5 Kc3 69. Kf5 Qh4 70. Ke5 Kd3 71. Kf5 Ke3 72.
Ke5 Qe4+ 73. Kd6 Qf5 74. Kc6 Kd4 75. Kb6 Qc8 76. Kb5 Qc5+ 77. Ka4 Qb6 78. Ka3
Kc3 79. Ka2 Qb2# 0-1

[Event "C.to Italiano U12"]
[Site "San Nicola Arcella ITA"]
[Date "2004.07.07"]
[Round "5"]
[White "Hellweger, Hannes"]
[Black "Puleo, Diego"]
[Result "0-1"]
[WhiteElo "1563"]
[BlackElo "1440"]
[PlyCount "128"]
[EventDate "2004.07.04"]

1. e4 e6 2. d4 d5 3. e5 c5 4. c3 Qb6 5. Nf3 Nc6 6. Qb3 Qa5 7. Be3 Qb6 8. Nbd2
c4 9. Qc2 Bd7 10. Ng5 g6 11. Rb1 Qc7 12. b3 cxb3 13. axb3 Bh6 14. Bb5 Nge7 15.
Nxe6 fxe6 16. Bxh6 O-O-O 17. Bg5 Nxd4 18. Bxd7+ Rxd7 19. Qd3 Ndc6 20. Bf6 Rf8
21. O-O Nxe5 22. Bxe5 Qxe5 23. Rbe1 Qf6 24. c4 d4 25. Ne4 Qf5 26. Qg3 Rfd8 27.
Nc5 Qxc5 28. Re5 Qd6 29. c5 Qc7 30. b4 Nc6 31. Rxe6 Qxg3 32. fxg3 Nxb4 33. Rb1
Na6 34. c6 bxc6 35. Rxc6+ Nc7 36. Kf1 Rd6 37. Rc4 d3 38. Ke1 d2+ 39. Kd1 Rf6
40. Rf4 Re6 41. Rf1 Nd5 42. Kxd2 Ne3+ 43. Ke2 Nxf1+ 44. Kxf1 Rf8+ 45. Kg1 Re2
46. h4 Rff2 47. Rc1+ Rc2 48. Re1 Rxg2+ 49. Kh1 Rh2+ 50. Kg1 Rcg2+ 51. Kf1 Rh1+
52. Kxg2 Rxe1 53. g4 a5 54. Kg3 Rf1 55. Kg2 Rf8 56. h5 g5 57. h6 a4 58. Kh3 a3
59. Kg3 a2 60. Kh3 a1=Q 61. Kg3 Qc3+ 62. Kh2 Rf2+ 63. Kg1 Qg3+ 64. Kh1 Rh2# 0-1

[Event "C.to Italiano U12"]
[Site "San Nicola Arcella ITA"]
[Date "2004.07.07"]
[Round "5"]
[White "Pomaro, Alberto"]
[Black "Muccini, Marco"]
[Result "1-0"]
[WhiteElo "1727"]
[BlackElo "1622"]
[PlyCount "91"]
[EventDate "2004.07.04"]

1. c4 e5 2. Nc3 Nf6 3. Nf3 Nc6 4. g3 g6 5. d4 exd4 6. Nxd4 Nxd4 7. Qxd4 c5 8.
Qe5+ Qe7 9. Qxe7+ Bxe7 10. Nb5 O-O 11. Nc7 Rb8 12. Bf4 d6 13. Nb5 Ra8 14. Nxd6
Bxd6 15. Bxd6 Re8 16. Bxc5 Bg4 17. Be3 b6 18. O-O-O Rac8 19. b3 b5 20. c5 Ne4
21. b4 a5 22. a3 axb4 23. axb4 Ra8 24. Bg2 Bxe2 25. Rd4 f5 26. Kb2 Ra4 27. Bxe4
fxe4 28. Ra1 Rxa1 29. Kxa1 Bc4 30. c6 Rc8 31. Rxc4 bxc4 32. b5 c3 33. b6 Ra8+
34. Kb1 c2+ 35. Kxc2 Rc8 36. c7 Kf8 37. Kb3 Ke7 38. b7 Kd7 39. b8=Q Rxc7 40.
Bf4 Rc1 41. Bxc1 h5 42. Qe5 g5 43. Bxg5 h4 44. gxh4 e3 45. fxe3 Kc6 46. Kc4 1-0

[Event "C.to Italiano U12"]
[Site "San Nicola Arcella ITA"]
[Date "2004.07.07"]
[Round "5"]
[White "Valsecchi, Alessio"]
[Black "Rombaldoni, Axel"]
[Result "0-1"]
[WhiteElo "1739"]
[BlackElo "2063"]
[PlyCount "92"]
[EventDate "2004.07.04"]

1. e4 c5 2. Nf3 Nc6 3. Nc3 d6 4. g3 g6 5. Bg2 Bg7 6. d3 Nf6 7. Bg5 Rb8 8. Qd2
b5 9. Bh6 O-O 10. Bxg7 Kxg7 11. Nh4 c4 12. d4 Qb6 13. Ne2 b4 14. O-O Bg4 15. f3
Bd7 16. Kh1 Rfc8 17. Rfd1 c3 18. bxc3 bxc3 19. Qxc3 Nb4 20. Qb3 Qa6 21. c4 Ba4
22. Qa3 Bxd1 23. Qxa6 Nxa6 24. Rxd1 Rxc4 25. e5 Nd5 26. Nf4 Ne3 27. Re1 g5 28.
Rxe3 Rc1+ 29. Bf1 gxf4 30. gxf4 Rxf1+ 31. Kg2 Rc1 32. Nf5+ Kf8 33. Ra3 Rc2+ 34.
Kg3 Rb6 35. d5 Rc5 36. Kg4 Rxd5 37. Rc3 Rc5 38. Rd3 Nb4 39. Rd4 Nc6 40. Rd1
dxe5 41. fxe5 Nxe5+ 42. Kg3 Rg6+ 43. Kf4 Ke8 44. Ke4 Nc6 45. Rb1 Re6+ 46. Kf4
Rf6 0-1

[Event "C.to Italiano U12"]
[Site "San Nicola Arcella ITA"]
[Date "2004.07.07"]
[Round "6"]
[White "Rombaldoni, Axel"]
[Black "Forato, Enrico"]
[Result "1-0"]
[WhiteElo "2063"]
[BlackElo "1739"]
[PlyCount "47"]
[EventDate "2004.07.04"]

1. e4 c5 2. Nf3 e6 3. d4 cxd4 4. Nxd4 Nf6 5. Nc3 d6 6. Bc4 a6 7. Bb3 Nc6 8. Be3
Qc7 9. Qe2 b5 10. O-O-O Bb7 11. f3 Na5 12. g4 b4 13. Na4 d5 14. g5 Nd7 15. exd5
Nxb3+ 16. Nxb3 Bxd5 17. Rxd5 exd5 18. Bf4+ Ne5 19. Bxe5 Qe7 20. Re1 Rg8 21. Qd3
O-O-O 22. Qxa6+ Kd7 23. Qb5+ Ke6 24. Nd4# 1-0

[Event "C.to Italiano U12"]
[Site "San Nicola Arcella ITA"]
[Date "2004.07.08"]
[Round "7"]
[White "Miglietta, Manuel"]
[Black "Rombaldoni, Axel"]
[Result "0-1"]
[WhiteElo "1580"]
[BlackElo "2063"]
[PlyCount "110"]
[EventDate "2004.07.04"]

1. e4 c5 2. Nf3 Nc6 3. d4 cxd4 4. Nxd4 Nf6 5. Nc3 d6 6. Be3 Ng4 7. Qd2 Nxe3 8.
Qxe3 g6 9. Bd3 Bg7 10. Nde2 Bd7 11. a3 Qa5 12. O-O O-O 13. f3 Rfc8 14. Kh1 Ne5
15. Nd5 Kf8 16. b4 Qd8 17. Rac1 Nc4 18. Bxc4 Rxc4 19. Rfd1 Ba4 20. Nd4 Rac8 21.
Nf4 Qb6 22. Nd5 Bxd4 23. Rxd4 Qxd4 24. Qh6+ Qg7 25. Qg5 Rxc2 26. Qxe7+ Kg8 27.
Rg1 Rc1 28. h3 Rxg1+ 29. Kxg1 Rc1+ 30. Kf2 Qd4+ 31. Kg3 Qe5+ 32. Qxe5 dxe5 33.
Nf6+ Kg7 34. Nd5 Ra1 35. Ne3 Rxa3 36. Nc4 Rb3 37. Nxe5 Rxb4 38. Nd3 a5 39. Kf2
Bb5 40. Nxb4 axb4 41. Ke3 Bf1 42. Kd4 b5 43. g3 Bxh3 44. f4 Kf6 45. e5+ Kf5 46.
Ke3 Kg4 47. Kd3 Kxg3 48. Kc2 Be6 49. f5 gxf5 50. Kd2 f4 51. Ke2 Bc4+ 52. Kd2 f3
53. Ke1 f2+ 54. Kd2 f1=Q 55. Ke3 Qd3# 0-1

[Event "C.to Italiano U12"]
[Site "San Nicola Arcella ITA"]
[Date "2004.07.08"]
[Round "7"]
[White "Pomaro, Alberto"]
[Black "Molza, Giuseppe"]
[Result "1-0"]
[WhiteElo "1727"]
[BlackElo "1700"]
[PlyCount "101"]
[EventDate "2004.07.04"]

1. c4 c5 2. Nf3 Nc6 3. g3 d6 4. Bg2 g6 5. d4 cxd4 6. Nxd4 Nxd4 7. Qxd4 e5 8.
Qd1 Nf6 9. Nc3 Qc7 10. Nb5 Qd8 11. Bg5 Be7 12. Nxd6+ Kf8 13. Bh6+ Kg8 14. Nxc8
Qxc8 15. Qd3 Rb8 16. h3 b6 17. O-O Bf8 18. Bxf8 Kxf8 19. Kh2 h5 20. b3 Kg7 21.
e4 h4 22. g4 Qc6 23. g5 Nh5 24. Qd5 Qxd5 25. cxd5 Rhd8 26. Rac1 Rb7 27. Rc6 Nf4
28. Rd1 Rbd7 29. Bf1 Kf8 30. Rdc1 Nh5 31. Rc7 Rxc7 32. Rxc7 a5 33. Rb7 Rd6 34.
Bb5 Nf4 35. Rb8+ Kg7 36. Rc8 Nh5 37. Rb8 Nf4 38. f3 Nh5 39. Bc6 Nf4 40. Rxb6
Nd3 41. a3 Nc5 42. Rb5 Na6 43. Rxa5 Nb8 44. b4 Nxc6 45. Ra6 Kf8 46. Rxc6 Rxc6
47. dxc6 Ke8 48. b5 Kd8 49. b6 Kc8 50. c7 Kb7 51. a4 1-0

[Event "C.to Italiano U12"]
[Site "San Nicola Arcella ITA"]
[Date "2004.07.09"]
[Round "8"]
[White "Fiducioso, Marco"]
[Black "Puleo, Diego"]
[Result "1-0"]
[WhiteElo "1760"]
[BlackElo "1440"]
[PlyCount "59"]
[EventDate "2004.07.04"]

1. c4 e5 2. Nc3 Bb4 3. Nd5 Be7 4. g3 c6 5. Nc3 Nf6 6. Bg2 d5 7. cxd5 cxd5 8.
Qb3 d4 9. Bxb7 Bxb7 10. Qxb7 Nbd7 11. Nd5 Nxd5 12. Qxd5 O-O 13. Nf3 Bf6 14. d3
Qc7 15. O-O Nb6 16. Qe4 Rab8 17. Bg5 Bxg5 18. Nxg5 g6 19. f4 Nd7 20. Rac1 Qa5
21. Qc6 Nb6 22. Rc5 Qxa2 23. fxe5 Rfc8 24. Qf6 Rf8 25. e6 fxe6 26. Qe7 Rxf1+
27. Kxf1 e5 28. Ne6 Qxe6 29. Qxe6+ Kf8 30. Rc7 1-0

[Event "C.to Italiano U12"]
[Site "San Nicola Arcella ITA"]
[Date "2004.07.09"]
[Round "8"]
[White "Forato, Enrico"]
[Black "Valsecchi, Alessio"]
[Result "0-1"]
[WhiteElo "1739"]
[BlackElo "1739"]
[PlyCount "112"]
[EventDate "2004.07.04"]

1. e4 c5 2. Nf3 d6 3. d4 cxd4 4. Nxd4 Nf6 5. Nc3 g6 6. Be2 Bg7 7. Be3 O-O 8.
O-O Nc6 9. f4 Qb6 10. Qd3 Ng4 11. Bxg4 Bxd4 12. Bxd4 Nxd4 13. Na4 Qb4 14. Bxc8
Raxc8 15. c3 Qxa4 16. cxd4 Qc2 17. Qe3 b6 18. Rf2 Qa4 19. e5 dxe5 20. dxe5 e6
21. Qb3 Qxb3 22. axb3 Rc7 23. Rd2 Rfc8 24. g3 Rc2 25. Rad1 Rxd2 26. Rxd2 Rc5
27. Kf1 a5 28. Ke1 Rb5 29. Rd3 a4 30. bxa4 Rxb2 31. Rd2 Rb4 32. Ra2 Rb1+ 33.
Ke2 Kg7 34. Ke3 h5 35. Kd3 h4 36. Ra3 Rb2 37. gxh4 Rxh2 38. Ke4 Rxh4 39. Rb3 g5
40. Rf3 Kg6 41. Ke3 gxf4+ 42. Rxf4 Rxf4 43. Kxf4 f5 44. exf6 Kxf6 45. Ke4 Ke7
46. Ke5 Kd7 47. Kd4 Kd6 48. Kc4 e5 49. Kb5 Kc7 50. a5 bxa5 51. Kxa5 Kd6 52. Kb4
Kd5 53. Kc3 Ke4 54. Kd2 Kf3 55. Kd3 e4+ 56. Kd2 e3+ 0-1

[Event "C.to Italiano U12"]
[Site "San Nicola Arcella ITA"]
[Date "2004.07.09"]
[Round "8"]
[White "Lisi, Davide"]
[Black "Hellweger, Hannes"]
[Result "1/2-1/2"]
[WhiteElo "1577"]
[BlackElo "1563"]
[PlyCount "119"]
[EventDate "2004.07.04"]

1. d4 d5 2. Nf3 Nc6 3. Bf4 e6 4. e3 Bd6 5. Bxd6 cxd6 6. c3 Nf6 7. Nbd2 O-O 8.
Bb5 Bd7 9. O-O a6 10. Bxc6 Bxc6 11. Re1 Re8 12. Nb3 b6 13. Rc1 Ba4 14. Qe2 Bb5
15. Qd1 a5 16. Nbd2 Rc8 17. Qb3 Ba6 18. c4 Re7 19. cxd5 Nxd5 20. Rxc8 Qxc8 21.
e4 Nb4 22. a3 Nd3 23. Rd1 Rb7 24. Ne1 a4 25. Qc2 Qxc2 26. Nxc2 Nxb2 27. Rb1 Nc4
28. Nxc4 Bxc4 29. Rc1 b5 30. Ne3 Rc7 31. d5 Kf8 32. dxe6 fxe6 33. f3 Rc5 34.
Kf2 Bb3 35. Rxc5 dxc5 36. Ke2 b4 37. axb4 cxb4 38. Kd2 a3 39. Kc1 Ke7 40. Ng4
Ba4 41. Ne5 b3 42. Nc4 Bb5 43. Nxa3 Bf1 44. g3 Bg2 45. f4 Bxe4 46. Kb2 Kf6 47.
Kxb3 Kf5 48. Nc4 Bd5 49. Kc3 Bxc4 50. Kxc4 Kg4 51. Kd4 Kf5 52. Ke3 h5 53. Kf3
g5 54. fxg5 Kxg5 55. h3 Kf5 56. g4+ hxg4+ 57. hxg4+ Kg5 58. Ke4 Kxg4 59. Ke5
Kg5 60. Kxe6 1/2-1/2

[Event "C.to Italiano U12"]
[Site "San Nicola Arcella ITA"]
[Date "2004.07.09"]
[Round "8"]
[White "Manconi, Alberto"]
[Black "Pomaro, Alberto"]
[Result "1/2-1/2"]
[WhiteElo "1679"]
[BlackElo "1727"]
[PlyCount "188"]
[EventDate "2004.07.04"]

1. e4 c5 2. Nc3 Nc6 3. g3 g6 4. Bg2 Bg7 5. d3 Nf6 6. h3 d6 7. Be3 Bd7 8. Qd2
O-O 9. Bh6 Nd4 10. Bxg7 Kxg7 11. h4 h5 12. Nd1 e5 13. c3 Ne6 14. f4 Rh8 15. Nf3
Be8 16. O-O Qc7 17. Qf2 Ng4 18. Qd2 exf4 19. gxf4 f5 20. exf5 gxf5 21. Re1 Bf7
22. Ne3 Kg6 23. Nd5 Qd7 24. Ng5 Nxg5 25. fxg5 Bxd5 26. Bxd5 Rae8 27. Rxe8 Rxe8
28. Re1 b6 29. Kf1 Re5 30. c4 Qe7 31. Rxe5 Qxe5 32. Qe2 Qf4+ 33. Kg2 Ne3+ 34.
Kh3 Qg4+ 35. Qxg4 fxg4+ 36. Kg3 Nf5+ 37. Kf4 Nxh4 38. Bc6 Kg7 39. Be8 Ng6+ 40.
Kg3 a6 41. b3 a5 42. a4 Kh7 43. Bf7 Kg7 44. Be8 Ne5 45. Bxh5 Nxd3 46. Bxg4 Kg6
47. Kh4 Ne5 48. Bh5+ Kg7 49. Kg3 Nd3 50. Bg4 Nb4 51. Kf4 Kg6 52. Bf3 Nd3+ 53.
Kg4 Ne5+ 54. Kf4 Nd3+ 55. Kg4 Nf2+ 56. Kh4 Kg7 57. Kh5 Nd3 58. g6 Nf4+ 59. Kg5
Nxg6 60. Kf5 Nh4+ 61. Kf4 Nxf3 62. Kxf3 Kf6 63. Ke4 Ke6 64. Kd3 Ke5 65. Kc3 Ke4
66. Kc2 Kd4 67. Kd2 Ke4 68. Kc3 Ke3 69. Kc2 Ke2 70. Kc3 Ke3 71. Kc2 Kd4 72. Kd2
d5 73. cxd5 Kxd5 74. Kc3 Kd6 75. Kc4 Kc6 76. Kc3 b5 77. axb5+ Kxb5 78. Kb2 Kb4
79. Kc2 a4 80. bxa4 Kxa4 81. Kc3 Kb5 82. Kb3 Kc6 83. Kc4 Kd6 84. Kc3 Kd5 85.
Kd3 c4+ 86. Kc3 Kc5 87. Kc2 Kd4 88. Kd2 c3+ 89. Kc2 Kc4 90. Kc1 Kd3 91. Kd1 Kc4
92. Kc1 Kb4 93. Kc2 Kc4 94. Kc1 Kb3 1/2-1/2

[Event "C.to Italiano U12"]
[Site "San Nicola Arcella ITA"]
[Date "2004.07.09"]
[Round "8"]
[White "Muccini, Marco"]
[Black "Martinazzo, Luigi"]
[Result "1/2-1/2"]
[WhiteElo "1622"]
[BlackElo "1600"]
[PlyCount "126"]
[EventDate "2004.07.04"]

1. d4 Nf6 2. c4 g6 3. g3 Bg7 4. Bg2 d6 5. Nc3 Nbd7 6. e4 c5 7. Nf3 Qc7 8. Qd3
a6 9. Bd2 Rb8 10. Rb1 O-O 11. O-O Rd8 12. d5 Ng4 13. Bf4 Nde5 14. Bxe5 Bxe5 15.
h3 Nf6 16. Nxe5 dxe5 17. Rbd1 Rd6 18. Ne2 Nd7 19. f4 b5 20. b3 Qa5 21. Qd2 Qb6
22. Rb1 Kg7 23. Qc2 b4 24. Nc1 a5 25. Nd3 f6 26. Qf2 Qa6 27. fxe5 Rdb6 28.
exf6+ Rxf6 29. Qe3 Qb6 30. Rxf6 Nxf6 31. Qxc5 Qd8 32. Ne5 Qd6 33. Qxd6 exd6 34.
Nd3 Nd7 35. Rc1 a4 36. c5 Ba6 37. c6 Bxd3 38. cxd7 Rd8 39. Rc7 axb3 40. axb3
Bb5 41. Rb7 Bxd7 42. Rxb4 Be8 43. Rc4 Bf7 44. b4 h5 45. b5 Rb8 46. Rc6 Rxb5 47.
Rxd6 Kh6 48. e5 Rb1+ 49. Kh2 Rd1 50. e6 Be8 51. Rd8 Bb5 52. e7 Re1 53. d6 Kg7
54. d7 Bxd7 55. Rxd7 Kf7 56. Bc6 Rxe7 57. Rxe7+ Kxe7 58. Kg2 Kf6 59. Kf3 Kf5
60. Bd7+ Kg5 61. Ke4 Kf6 62. g4 Kg5 63. Be8 hxg4 1/2-1/2

[Event "C.to Italiano U12"]
[Site "San Nicola Arcella ITA"]
[Date "2004.07.09"]
[Round "8"]
[White "Rombaldoni, Axel"]
[Black "Forni, Davide"]
[Result "1-0"]
[WhiteElo "2063"]
[BlackElo "1580"]
[PlyCount "43"]
[EventDate "2004.07.04"]

1. e4 e5 2. Nf3 d6 3. Bc4 Be7 4. d4 f6 5. dxe5 dxe5 6. Bd2 Bg4 7. Nc3 Nc6 8.
Nd5 Qd6 9. b4 Nd4 10. c3 Nxf3+ 11. gxf3 Bd7 12. Be3 b6 13. Qe2 Bf8 14. O-O-O b5
15. Bxb5 c6 16. Nb6 Qb8 17. Rxd7 axb6 18. Bxc6 Qc8 19. Rc7+ Kd8 20. Bxb6 Qa6
21. Rd1+ Bd6 22. Rxd6# 1-0

[Event "C.to Italiano U12 femminile"]
[Site "San Nicola Arcella ITA"]
[Date "2004.07.05"]
[Round "2"]
[White "Fustini, Chiara"]
[Black "Puddu, Urania"]
[Result "1-0"]
[WhiteElo "1700"]
[BlackElo "1380"]
[PlyCount "109"]
[EventDate "2004.07.04"]

1. e4 e5 2. d4 Nc6 3. d5 Nd4 4. c3 c5 5. cxd4 cxd4 6. Nf3 f6 7. Bc4 Bc5 8. O-O
d6 9. b4 Bb6 10. Nbd2 Bd7 11. Ba3 Qc7 12. Rc1 Qd8 13. b5 Qe7 14. Qb3 Nh6 15.
Qb4 Bc5 16. Qb2 Bb6 17. Bb4 O-O 18. Qa3 Bc7 19. Bb3 Bb8 20. b6 a6 21. Nc4 Nf7
22. Rc2 Rc8 23. Rfc1 h6 24. Na5 Rxc2 25. Rxc2 d3 26. Rc1 Bg4 27. h3 Bxf3 28.
gxf3 Ng5 29. Kg2 g6 30. Nc4 Nf7 31. Bd1 f5 32. Qxd3 fxe4 33. Qxe4 Qg5+ 34. Qg4
Qxc1 35. Qxg6+ Kf8 36. Be2 a5 37. Ba3 Qe1 38. Bd3 Qc3 39. Bf1 Qd4 40. Qe6 e4
41. Qc8+ Kg7 42. Qxb7 exf3+ 43. Kxf3 Qf6+ 44. Kg2 Qg6+ 45. Kh1 Qe4+ 46. Kg1 Kh8
47. Qxa8 Ng5 48. Qxb8+ Kg7 49. Qxd6 Nf3+ 50. Kh1 Nd2+ 51. Bg2 Qe1+ 52. Kh2 Qxf2
53. Qg3+ Qxg3+ 54. Kxg3 Nxc4 55. b7 1-0

[Event "C.to Italiano U12 femminile"]
[Site "San Nicola Arcella ITA"]
[Date "2004.07.05"]
[Round "3"]
[White "D'Auria, Marta"]
[Black "Messina, Roberta"]
[Result "0-1"]
[WhiteElo "1550"]
[BlackElo "1673"]
[PlyCount "55"]
[EventDate "2004.07.04"]

1. e4 c5 2. c3 d5 3. exd5 Qxd5 4. d4 Nf6 5. Nf3 Nc6 6. Bb5 cxd4 7. Bxc6+ Qxc6
8. Qxd4 Qe4+ 9. Qxe4 Nxe4 10. O-O b6 11. Bf4 Bb7 12. Re1 e6 13. Nbd2 Nc5 14.
Rad1 Nd3 15. Bg3 Nxe1 16. Nxe1 Rd8 17. h3 Bd6 18. Bh4 f6 19. Nc4 Bh2+ 20. Kxh2
Rxd1 21. f3 O-O 22. Bg3 Ba6 23. Nd6 Rd8 24. Ne4 R8d5 25. Nc2 Rd8 26. Nb4 Bb7
27. Nf2 R1d2 28. b3 0-1

[Event "C.to Italiano U12 femminile"]
[Site "San Nicola Arcella ITA"]
[Date "2004.07.05"]
[Round "3"]
[White "Francalancia, Mariachiara"]
[Black "Fustini, Chiara"]
[Result "0-1"]
[WhiteElo "1528"]
[BlackElo "1700"]
[PlyCount "138"]
[EventDate "2004.07.04"]

1. d4 d5 2. c4 c6 3. Nf3 Nf6 4. Bf4 Bf5 5. Nc3 e6 6. e3 Be7 7. Be2 O-O 8. O-O
Nbd7 9. cxd5 cxd5 10. Rc1 Rc8 11. Bd3 Bxd3 12. Qxd3 Nb6 13. e4 dxe4 14. Nxe4
Nxe4 15. Qxe4 Nd5 16. Rxc8 Qxc8 17. Bg5 Qd7 18. Rc1 h6 19. Bd2 Nf6 20. Qf4 Rc8
21. Qg3 Rxc1+ 22. Bxc1 Bd6 23. Ne5 Bxe5 24. Qxe5 Qc6 25. Bd2 Qc2 26. Qe1 Qxb2
27. a4 Qxd4 28. a5 b6 29. axb6 axb6 30. Qe3 Qxe3 31. Bxe3 b5 32. Bd2 Kf8 33.
Kf1 Ke7 34. Ke2 Kd6 35. Kd3 Kc5 36. Kc2 Kc4 37. Kb2 Ne4 38. Be1 b4 39. f3 Nc3
40. g4 f5 41. h3 fxg4 42. hxg4 Na4+ 43. Kc2 b3+ 44. Kb1 Kd3 45. f4 Ke4 46. Bd2
e5 47. fxe5 Kxe5 48. g5 h5 49. Be1 Kf5 50. Bh4 Kg4 51. Be1 Kxg5 52. Kc1 g6 53.
Bd2+ Kg4 54. Kb1 h4 55. Bb4 h3 56. Bd6 Kf3 57. Be5 Kg2 58. Bf4 h2 59. Bxh2 Kxh2
60. Kc1 g5 61. Kb1 g4 62. Kc1 g3 63. Kb1 g2 64. Kc1 Kh1 65. Kd2 g1=Q 66. Kd3
Qe1 67. Kc4 b2 68. Kb3 b1=Q+ 69. Kxa4 Qeb4# 0-1

[Event "C.to Italiano U12 femminile"]
[Site "San Nicola Arcella ITA"]
[Date "2004.07.05"]
[Round "3"]
[White "Vocaturo, Ilaria"]
[Black "Costariol, Elena"]
[Result "1-0"]
[WhiteElo "1574"]
[BlackElo "1554"]
[PlyCount "115"]
[EventDate "2004.07.04"]

1. d4 Nf6 2. Nf3 g6 3. c4 Bg7 4. Nc3 O-O 5. e4 d6 6. Be2 Bg4 7. O-O c5 8. Be3
b6 9. h3 Bxf3 10. Bxf3 Nc6 11. e5 Rc8 12. exf6 Bxf6 13. Bxc6 Rxc6 14. d5 Rc7
15. Qd2 Bg7 16. Bh6 Qd7 17. Rfe1 Re8 18. Bxg7 Kxg7 19. Qf4 a6 20. Re3 e6 21.
Rae1 e5 22. Qh4 f5 23. Rg3 Qe7 24. Qxe7+ Rcxe7 25. Rg5 h6 26. Rg3 Rb8 27. a4
Reb7 28. h4 Kf6 29. Rd1 Rc8 30. Rf3 Kg7 31. Rh3 e4 32. Ne2 b5 33. axb5 axb5 34.
b3 bxc4 35. bxc4 Rb2 36. Nf4 Ra8 37. Rg3 Ra4 38. Rxg6+ Kh7 39. Rc1 Raa2 40. Rf1
Ra6 41. Rf6 Rb4 42. Rc1 Rb2 43. Nh3 Rb4 44. Rxf5 Raa4 45. Rf6 Rxc4 46. Rxc4
Rxc4 47. Rxd6 Rd4 48. Rd7+ Kg6 49. Nf4+ Kf5 50. Ne6 Rd2 51. Nxc5 Ke5 52. d6
Rxd6 53. Rxd6 Kxd6 54. Nxe4+ Ke5 55. Nc3 Kf4 56. g3+ Kg4 57. Kg2 h5 58. Ne4 1-0

[Event "C.to Italiano U12 femminile"]
[Site "San Nicola Arcella ITA"]
[Date "2004.07.06"]
[Round "4"]
[White "Fustini, Chiara"]
[Black "Vocaturo, Ilaria"]
[Result "1/2-1/2"]
[WhiteElo "1700"]
[BlackElo "1574"]
[PlyCount "40"]
[EventDate "2004.07.04"]

1. e4 e5 2. d4 exd4 3. Qxd4 Nc6 4. Qe3 Nf6 5. Nc3 Bb4 6. Bd2 O-O 7. O-O-O Re8
8. Bc4 d6 9. f3 Na5 10. Be2 Be6 11. g4 Nc4 12. Bxc4 Bxc4 13. Qf4 b5 14. h4 Nd7
15. Nh3 Nc5 16. g5 Rb8 17. Nd5 Bxd2+ 18. Rxd2 Rf8 19. e5 Bxa2 20. Nc3 Be6
1/2-1/2

[Event "C.to Italiano U12 femminile"]
[Site "San Nicola Arcella ITA"]
[Date "2004.07.06"]
[Round "4"]
[White "Prugger, Giuana"]
[Black "Francalancia, Mariachiara"]
[Result "1-0"]
[WhiteElo "1546"]
[BlackElo "1528"]
[PlyCount "71"]
[EventDate "2004.07.04"]

1. e4 d6 2. Nf3 Nf6 3. Nc3 g6 4. d4 Bg7 5. Bc4 O-O 6. O-O Nbd7 7. Bg5 b6 8. Re1
Bb7 9. Qd2 e5 10. d5 c6 11. dxc6 Bxc6 12. Qxd6 Rc8 13. Rad1 Nc5 14. Qxe5 Ncd7
15. Qf4 Re8 16. e5 Nh5 17. Bxf7+ Kh8 18. Qg4 Qc7 19. Bxe8 Rxe8 20. e6 Ndf6 21.
Bxf6 Nxf6 22. Qc4 Qc8 23. e7 Ng8 24. Qb4 Bf6 25. Ne5 Nxe7 26. Nf7+ Kg8 27. Nd6
Qb8 28. Nxe8 Qxe8 29. Nd5 Bxd5 30. Rxd5 Qf8 31. Rdd1 Kh8 32. Rd7 Qf7 33. Rexe7
Bxe7 34. Rxe7 Qxa2 35. Qd4+ Kg8 36. Qg7# 1-0

[Event "C.to Italiano U12 femminile"]
[Site "San Nicola Arcella ITA"]
[Date "2004.07.07"]
[Round "5"]
[White "Francalancia, Mariachiara"]
[Black "Costariol, Elena"]
[Result "0-1"]
[WhiteElo "1528"]
[BlackElo "1554"]
[PlyCount "160"]
[EventDate "2004.07.04"]

1. d4 Nf6 2. Nf3 g6 3. Nc3 Bg7 4. e4 d6 5. Be2 O-O 6. O-O c5 7. d5 e6 8. Bg5
Qb6 9. b3 exd5 10. exd5 Bf5 11. Na4 Qc7 12. Re1 Ne4 13. Rc1 Nxg5 14. Nxg5 Bh6
15. Qd2 f6 16. Ne6 Bxe6 17. Qxh6 Bxd5 18. Nc3 Bf7 19. Ne4 Bd5 20. Bf3 Bxe4 21.
Bxe4 Nc6 22. Bd5+ Kh8 23. Re3 Qg7 24. Qxg7+ Kxg7 25. Rce1 g5 26. Bxc6 bxc6 27.
Re7+ Rf7 28. Re8 Rxe8 29. Rxe8 Rc7 30. g3 Kf7 31. Re3 Re7 32. Rd3 d5 33. Rc3 c4
34. bxc4 d4 35. Rd3 c5 36. Rb3 Re2 37. Rb5 Rxc2 38. Rxc5 Rxa2 39. Rc7+ Kg6 40.
Rd7 Rd2 41. c5 a5 42. c6 Rc2 43. c7 d3 44. Kf1 d2 45. Ke2 a4 46. Rxd2 Rxc7 47.
Ra2 Rc4 48. Kd3 Rb4 49. Kc3 Rg4 50. h3 Re4 51. Kd3 Rb4 52. Kc3 Rb3+ 53. Kc4 Rf3
54. Kb4 a3 55. Kc4 h5 56. Kd4 h4 57. Ke4 Rb3 58. gxh4 gxh4 59. f3 Kg5 60. Rg2+
Kh5 61. Ra2 f5+ 62. Kf4 Kg6 63. Rg2+ Kf6 64. Ra2 Rb4+ 65. Ke3 Rb3+ 66. Kf4 Rb4+
67. Ke3 f4+ 68. Kf2 Rb2+ 69. Rxb2 axb2 70. Ke2 b1=Q 71. Kd2 Ke5 72. Kc3 Qd1 73.
Kc4 Qd4+ 74. Kb3 Qc5 75. Kb2 Kd4 76. Kb1 Kd3 77. Kb2 Qc2+ 78. Ka3 Qb1 79. Ka4
Kc4 80. Ka5 Qb5# 0-1

[Event "C.to Italiano U12 femminile"]
[Site "San Nicola Arcella ITA"]
[Date "2004.07.07"]
[Round "6"]
[White "Messina, Roberta"]
[Black "Ercolano, Antonella"]
[Result "1-0"]
[WhiteElo "1673"]
[BlackElo "1485"]
[PlyCount "115"]
[EventDate "2004.07.04"]

1. e4 e5 2. Nf3 Nc6 3. d4 exd4 4. Nxd4 d5 5. Nxc6 bxc6 6. exd5 cxd5 7. Bb5+ Bd7
8. Qxd5 Bxb5 9. Qxb5+ Qd7 10. Qxd7+ Kxd7 11. Nc3 Re8+ 12. Be3 Bc5 13. O-O-O+
Bd6 14. Nb5 a6 15. Nxd6 cxd6 16. Bf4 Re6 17. Rhe1 Rxe1 18. Rxe1 Nf6 19. f3 Kc6
20. c4 Rd8 21. b3 d5 22. Rd1 Kc5 23. Bg5 h6 24. Bxf6 gxf6 25. cxd5 Rxd5 26.
Rxd5+ Kxd5 27. Kc2 Kd4 28. Kd2 a5 29. a4 h5 30. g4 h4 31. h3 Ke5 32. Ke3 Kd5
33. Kd3 Kc5 34. Kc3 Kd5 35. b4 axb4+ 36. Kxb4 Kc6 37. a5 Kc7 38. Kb5 Kb7 39.
a6+ Ka7 40. Ka5 Kb8 41. Kb6 Ka8 42. a7 f5 43. gxf5 f6 44. Kc7 Kxa7 45. Kd7 Kb8
46. Ke6 Kc8 47. Kxf6 Kd7 48. Kf7 Kd6 49. f6 Ke5 50. Kg6 Kf4 51. f7 Kxf3 52.
f8=Q+ Kg3 53. Qf5 Kh2 54. Qg4 Kh1 55. Kf5 Kh2 56. Kf4 Kh1 57. Kf3 Kh2 58. Qg2#
1-0